Artemon - vlastnosti a syntéza

Na minha lista:
Detalhes bibliográficos
Autor principal: Holub, Michal (Author)
Outros Autores: Szolcsányi, Peter (Thesis advisor)
Formato: Manuscrito Livro
Idioma:eslovaco
Publicado em: 2021
Assuntos:
Acesso em linha:http://is.stuba.sk/zp/portal_zp.pl?podrobnosti=151651
Tags: Adicionar Tag
Sem tags, seja o primeiro a adicionar uma tag!

MARC

LEADER 00000ntm a22000003a 4500
001 stuzp83481
003 SK-STU
005 20210626210854.4
007 ta
008 150427s2015----xo-----f-mn---000-0-slo-d
040 |a STU  |b slo 
041 0 |a slo 
100 1 |a Holub, Michal  |u 048140  |4 aut  |U FCHPT Ústav organickej chémie, katalýzy a petrochémie  |T FCHPT Oddelenie organickej chémie  |X 99069  |U C8140  |Y 124  |7 99069 
242 0 1 |a Artemone - synthesis and properties  |y eng 
245 1 0 |a Artemon - vlastnosti a syntéza 
260 |c 2021 
650 4 |a Artemón  |2 slo 
650 4 |a Dehydroherbac  |2 slo 
650 4 |a Rupeho prešmyk  |2 slo 
650 4 |a Artemone  |2 eng 
650 4 |a Dehydroherbac  |2 eng 
650 4 |a Rupe rearrangement  |2 eng 
700 1 |a Szolcsányi, Peter  |u 048140  |k Z1  |4 ths  |U FCHPT Ústav organickej chémie, katalýzy a petrochémie  |T FCHPT Oddelenie organickej chémie  |X 3952  |U C8140  |Y 124  |7 A000003952 
856 4 |u http://is.stuba.sk/zp/portal_zp.pl?podrobnosti=151651